983 [i.e. Novecientas ochenta y tres] preguntas y respuestas sobre cine, vídeo y televisión /

Đã lưu trong:
Chi tiết về thư mục
Tác giả chính: Roca, Juan Ramón (autor)
Định dạng: Sách
Ngôn ngữ:Tiếng Tây Ban Nha
Được phát hành: Alicante, España : Club Universitario, 2003, c2003
Những chủ đề:
Các nhãn: Thêm thẻ
Không có thẻ, Là người đầu tiên thẻ bản ghi này!

MARC

LEADER 00000nam^a2200000^a^4500
001 000165662
005 20250521000000.0
009 20260310101025.459
020 |a 84-8454-241-6 
037 |a Acervo ITESO - Biblioteca 
041 |a ESP 
082 |a 302. 23  |b ROC 
100 |a Roca, Juan Ramón  |e (autor) 
245 1 0 |a 983 [i.e. Novecientas ochenta y tres] preguntas y respuestas sobre cine, vídeo y televisión /  |c J.R. Roca. 
264 4 |a Alicante, España :  |b Club Universitario,  |c 2003, c2003 
300 |a 159 p. 
336 |a texto  |b txt  |2 rdacontenido 
337 |a sin mediación  |b n  |2 rdamedio 
338 |a volumen  |b nc  |2 rdasoporte 
649 |a XX 
650 |a Televisión 
650 |a Televisión -  |z España -  |x Industria y Comercio 
650 |a Video 
650 |a Cine 
650 |a Medios Audiovisuales 
650 |a Medios de Comunicación 
650 |a Comunicación Visual 
650 |a Comunicación Masiva 
650 |a Pruebas de Conocimiento 
650 |a Selección y Contratación de Personal 
910 |a Fondo General 
920 |a Impresos - Libros 
930 |a Colección General 
905 |a 101 
901 |a 0500101238  |b IT1  |c ACC  |u 20250521 
902 |a https://opac.biblio.iteso.mx/vufind/Record/000165662